| 000 -LEADER |
| fixed length control field |
00372nam a22001457a 4500 |
| 008 - FIXED-LENGTH DATA ELEMENTS--GENERAL INFORMATION |
| fixed length control field |
210217b ||||| |||| 00| 0 eng d |
| 082 00 - DEWEY DECIMAL CLASSIFICATION NUMBER |
| Classification number |
843.914 |
| Item number |
S1291 |
| 100 ## - MAIN ENTRY--PERSONAL NAME |
| 9 (RLIN) |
4843 |
| Personal name |
Sagan, Francoise |
| 245 10 - TITLE STATEMENT |
| Title |
Wonderful clouds |
| 250 ## - EDITION STATEMENT |
| Edition statement |
1st ed. |
| 260 ## - PUBLICATION, DISTRIBUTION, ETC. (IMPRINT) |
| Place of publication, distribution, etc |
London: |
| Name of publisher, distributor, etc |
John Murray |
| Date of publication, distribution, etc |
1961 |
| 300 ## - PHYSICAL DESCRIPTION |
| Extent |
124p. |
| 650 #0 - SUBJECT ADDED ENTRY--TOPICAL TERM |
| Topical term or geographic name as entry element |
French Fiction |
| 942 ## - ADDED ENTRY ELEMENTS (KOHA) |
| Item type |
Books |